Butterflies / (Record no. 389)

MARC details
000 -LEADER
fixed length control field 01568nam a22003737a 4500
001 - CONTROL NUMBER
control field 389
003 - CONTROL NUMBER IDENTIFIER
control field FISKH
005 - DATE AND TIME OF LATEST TRANSACTION
control field 20250821143047.0
008 - FIXED-LENGTH DATA ELEMENTS--GENERAL INFORMATION
fixed length control field 230405b cb ||||| |||| 00| 0 eng d
020 ## - INTERNATIONAL STANDARD BOOK NUMBER
International Standard Book Number 9780545312523
040 ## - CATALOGING SOURCE
Original cataloging agency UKM
Transcribing agency UKM
Modifying agency NYP
-- BTCTA
-- WIQ
-- JQJ
-- IHI
-- MLY
-- UPZ
-- DLC
-- FISKH
Language of cataloging eng
042 ## - AUTHENTICATION CODE
Authentication code lccopycat
050 00 - LIBRARY OF CONGRESS CALL NUMBER
Classification number QL544.2
Item number .M257 2010
082 04 - DEWEY DECIMAL CLASSIFICATION NUMBER
Classification number 595.7891568
Edition number 22
100 1# - MAIN ENTRY--PERSONAL NAME
Personal name Marsh, Laura F.
245 10 - TITLE STATEMENT
Title Butterflies /
Statement of responsibility, etc. Laura Marsh.
260 ## - PUBLICATION, DISTRIBUTION, ETC.
Place of publication, distribution, etc. New York :
Name of publisher, distributor, etc. National Geographic ;
-- Scholastic.
Date of publication, distribution, etc. 2010.
300 ## - PHYSICAL DESCRIPTION
Extent 48 p. :
Other physical details col. ill., col. maps ;
Dimensions 23 cm.
490 1# - SERIES STATEMENT
Series statement National geographic kids. Science readers. Level 3
500 ## - GENERAL NOTE
General note Includes index.
520 ## - SUMMARY, ETC.
Summary, etc. Introduces the migration patterns of monarch butterfies, describing the vast distances they cover, why they migrate, and the dangers they face along the way.
521 8# - TARGET AUDIENCE NOTE
Target audience note 650 <br/>
Source Lexile estimate
521 8# - TARGET AUDIENCE NOTE
Target audience note K <br/>
Source Raz-Plus
650 #0 - SUBJECT ADDED ENTRY--TOPICAL TERM
Topical term or geographic name entry element Monarch butterfly
General subdivision Migration
Form subdivision Juvenile literature.
650 #0 - SUBJECT ADDED ENTRY--TOPICAL TERM
Topical term or geographic name entry element Monarch butterfly
Form subdivision Juvenile literature.
710 2# - ADDED ENTRY--CORPORATE NAME
Corporate name or jurisdiction name as entry element National Geographic Society (U.S.)
800 1# - SERIES ADDED ENTRY--PERSONAL NAME
Personal name Marsh, Laura F.
Title of a work Great migrations.
830 #0 - SERIES ADDED ENTRY--UNIFORM TITLE
Uniform title National Geographic kids.
Name of part/section of a work Science readers.
Number of part/section of a work Level 3.
856 42 - ELECTRONIC LOCATION AND ACCESS
Materials specified Publisher description
Uniform Resource Identifier <a href="http://www.loc.gov/catdir/enhancements/fy1108/2010284365-d.html">http://www.loc.gov/catdir/enhancements/fy1108/2010284365-d.html</a>
856 42 - ELECTRONIC LOCATION AND ACCESS
Materials specified Contributor biographical information
Uniform Resource Identifier <a href="http://www.loc.gov/catdir/enhancements/fy1212/2010284365-b.html">http://www.loc.gov/catdir/enhancements/fy1212/2010284365-b.html</a>
906 ## - LOCAL DATA ELEMENT F, LDF (RLIN)
a 7
b cbc
c copycat
d 2
e ncip
f 20
g y-gencatlg
942 ## - ADDED ENTRY ELEMENTS (KOHA)
Source of classification or shelving scheme Dewey Decimal Classification
Koha item type Books
Suppress in OPAC No
Holdings
Withdrawn status Lost status Source of classification or shelving scheme Damaged status Not for loan Collection Home library Current library Shelving location Date acquired Total Checkouts Full call number Barcode Date last seen Date last checked out Price effective from Koha item type Copy number
    Dewey Decimal Classification     Non-Fiction Footprints International School Library Network Toul Kork Campus Footprints International School Library Network Toul Kork Campus TK Primary Library Room(4th Floor), Bookcase 5&6, Shelves 33-56, Orange Books 04/05/2023 3 MAR 595.789 QL544.M257 FISBK05623 03/20/2026 01/30/2026 04/05/2023 Books  
    Dewey Decimal Classification     Non-Fiction Footprints International School Library Network Toul Tom Poung Campus Footprints International School Library Network Toul Tom Poung Campus TTP Primary Orange Bookshelves 08/21/2025   MAR 595.789 QL544.M257 FIS04618 08/21/2025   08/21/2025 Books 2